| 000 | 00484nam a22001577a 4500 | ||
|---|---|---|---|
| 082 |
_a355.6 _bCOM _cL-32, P-29 |
||
| 100 | _aCommand and staff College Queta | ||
| 110 | _a.Command and staff College Queta | ||
| 245 |
_aOperations of War _cC.S.C.Q |
||
| 260 |
_aQuetta _c1985 _bCommand and staff College Queta |
||
| 300 |
_ap1915.: _bill,; _c20 cm. |
||
| 526 |
_a0 _b0 _c0 _d355_600000000000000_COM |
||
| 526 |
_a0 _b0 _c0 _d355_600000000000000_COM |
||
| 650 |
_aMCE _9379 |
||
| 942 |
_2ddc _cBK |
||
| 999 |
_c551688 _d551688 |
||